00596nam a2200205Ia 4500003000400000005001700004008004100021020001900062040000700081041000800088082001600096100002300112245003600135260002000171300000900191650002300200942001300223999001900236952013500255OSt20251031124818.0250729s2005 xx 000 0 und d a978-8120320383 cAL aeng a370.15 MANA aMangal S K9223670 aAdvanced educational psychology aNew Delhic2005 a520p aPsychology9223671 2ddccBED c236024d236024 00104070aALbALd2025-07-29eSchool Book Companyg275.00l0o370.15 MANApBED01343r2025-07-29 16:54:31v275.00w2025-07-29yBK